Analyzing complex survey data

Αποθηκεύτηκε σε:
Λεπτομέρειες βιβλιογραφικής εγγραφής
Κύριος συγγραφέας: Lee, Eun Sul
Άλλοι συγγραφείς: Forthofer, Ron N. 1944-, Lorimor, Ronald J.
Μορφή: Βιβλίο
Γλώσσα:English
Δημοσίευση: Newbury Park : Sage Publications, c1989
Σειρά:Sage university papers series. Quantitative applications in the social sciences ; ; 71
Θέματα:
Ετικέτες: Προσθήκη ετικέτας
Δεν υπάρχουν, Καταχωρήστε ετικέτα πρώτοι!

MARC

LEADER 00000cam a2200000 i 4500
001 1/17853
008 981014s1989 eng d
020 |a 0-8039-3014-3 
035 |l 10020705 
040 |a GR-MY-UA  |b gre  |e aacr 
041 0 |a eng 
082 0 |a 001.4225 
100 1 |a Lee, Eun Sul. 
245 1 0 |a Analyzing complex survey data /   |c Eun Sul Lee, Ronald N. Forthofer, Ronald J. Lorimer. 
260 |a Newbury Park :   |b Sage Publications,   |c c1989 
300 |a 79 p. 
490 1 |a Sage University papers series. Quantitative applications in the social sciences  |v ; 71 
504 |a Includes bibliographical references (p. 75-78) 
650 0 0 |a Mathematical statistics. 
650 0 0 |a Surveys  |x Statistical methods. 
700 1 |a Forthofer, Ron N.  |d 1944- 
700 1 |a Lorimor, Ronald J. 
830 0 |a Sage university papers series. Quantitative applications in the social sciences ;  |v ; 71 
852 |a INST  |b LESVOS  |e 19981014  |h 001.4225 LEE  |p 005100018421  |q 005100018421  |t BK  |y 0 
901 |a BIBL-1999-1 
909 |a Λ  |b 059634 
922 |a 1ΕΛΗ  |b 199809  |c ΚΠΣ/ΤΓ  |d ΠΑΠΑΣΩΤΗΡΙΟΥ 
950 |a 118-1998-07-23